00488nam a2200193 a 4500001001300000003000900013005001700022008004100039020001000080082001800090100001400108245003200122260004700154300000800201500003500209505001700244650001900261700001400280nice12345678IN_TiNIC20260116011523.0050524s1933 boma grp 000 0 per  ac10000a297.822bIVA4 aIvanow, W aTwo Early Ismaili Treatises aBombaybIslamic Research Associationc1933 a62p aincludes index and biblioraphy2 aBibliography aIsmaili-Tracts1 aIvanow, W